| 000 | 00473nam a2200181Ia 4500 | ||
|---|---|---|---|
| 008 | 230524s9999 xx 000 0 und d | ||
| 020 | _a9788189897098 | ||
| 082 | _bMIS | ||
| 100 |
_aN.Mishra _942098 |
||
| 245 | 0 | _aAdvanced Engineering Mathematics Vol- II | |
| 250 | _a1 | ||
| 260 |
_aNew Delhi _bIndia Tech _c2009 |
||
| 300 | _a"XII,472p;" | ||
| 500 | _aQuantity Number: 1 | ||
| 650 |
_aMathamatics _942099 |
||
| 700 |
_a"D.Mishra , M.K.Nayak" _942100 |
||
| 942 | _cBK | ||
| 999 |
_c56504 _d56504 |
||